| 000 | 00606cam a2200205 4500 | ||
|---|---|---|---|
| 001 | 1699320 | ||
| 005 | 20180306032844.0 | ||
| 008 | 700523s1967 moua b 001 0 eng | ||
| 010 | _a 67017859 | ||
| 040 |
_aDLC _cDLC _dDLC |
||
| 041 | _aeng | ||
| 080 | _a618.92 | ||
| 082 | 0 | 0 | _a618.92 HUG |
| 100 | 1 | _a8 | |
| 101 | _aPED | ||
| 245 | 1 | 0 |
_aSynopsis of pediatrics _c[by] James G. Hughes. With the collaboration of 26 faculty members of the University of Tennessee College of Medicine. |
| 504 | _aIncludes bibliographies. | ||
| 906 |
_a7 _bcbc _corignew _du _encip _f19 _gy-gencatlg |
||
| 942 |
_2ddc _cBK |
||
| 999 |
_c44123 _d44123 |
||